Aplikácia všeobecného lineárneho regresného modelu pri skúmaní hĺbky príjmovej chudoby slovenských domácností
Analýza rozdielov v hĺbke príjmovej chudoby domácností medzi úrovňami jednotlivých faktorov. Ekonomická aktivita osoby na čele domácnosti ako faktor s najvýraznejším vplyvom na hĺbku príjmovej chudoby domácností.
Saved in:
| Main Author: | |
|---|---|
| Other Authors: | |
| Format: | Book Chapter |
| Language: | Slovak |
| Subjects: | |
| Tags: |
No Tags, Be the first to tag this record!
|
MARC
| LEADER | 00000naa$a2200000$$$4500 | ||
|---|---|---|---|
| 001 | 0239124 | ||
| 005 | 20240502073854.8 | ||
| 041 | 0 | |a slo | |
| 044 | |a SK | ||
| 245 | 1 | 0 | |a Aplikácia všeobecného lineárneho regresného modelu pri skúmaní hĺbky príjmovej chudoby slovenských domácností |c Ondrej Dúžik, Erik Šoltés |
| 520 | |a Analýza rozdielov v hĺbke príjmovej chudoby domácností medzi úrovňami jednotlivých faktorov. Ekonomická aktivita osoby na čele domácnosti ako faktor s najvýraznejším vplyvom na hĺbku príjmovej chudoby domácností. | ||
| 610 | 2 | 0 | |a chudoba |
| 610 | 2 | 0 | |a príjmy |
| 610 | 2 | 0 | |a domácnosti |
| 610 | 2 | 0 | |a modely regresné |
| 610 | 2 | 0 | |a vek |
| 610 | 2 | 0 | |a muži |
| 610 | 2 | 0 | |a ženy |
| 610 | 2 | 0 | |a urbanizácia |
| 610 | 2 | 0 | |a kraje |
| 610 | 2 | 0 | |a vzdelanie |
| 610 | 2 | 0 | |a Slovensko |
| 100 | 1 | |a Dúžik, Ondrej, 1989- | |
| 700 | 1 | |a Šoltés, Erik, 1974- | |